000 00604nam a2200229Ia 4500
003 OSt
005 20221007073437.0
006 a|||||r|||| 00| 0
007 ta
008 221006b |||||||| |||| 00| 0 eng d
024 _a14,600
037 _cTextual
040 _aFLL
_cFLL
_beng
041 _2eng
_aeng
082 _aX:7295:Z2vN62, L0
100 _aMalik K.K.
_9691982
245 0 _aCustoms act, 1962
260 _aLucknow
_bEastern Book Company India
_c1970
300 _a157p
_ccm.
942 _hX:7295:Z2vN62, L0
_cTEXL
_2CC
999 _c1148753
_d1148753